El arte de acción

Wedi'i Gadw mewn:
Manylion Llyfryddiaeth
Prif Awdur: Aznar Almazán, Sagrario (Awdur)
Fformat: Llyfr
Iaith:Sbaeneg
Cyhoeddwyd: Madrid Narea 2000
Cyfres:Arte Hoy, 7
Pynciau:
Tagiau: Ychwanegu Tag
Dim Tagiau, Byddwch y cyntaf i dagio'r cofnod hwn!

MARC

LEADER 00000nam a2200000 a 4500
001 UCK9882
003 CL-VaPUC
008 060609e20000000SP |||||||||||||||||spa|d
020 |a 8489569428 
082 0 4 |a 701.17  |b AZN  |2 21 
100 0 |a Aznar Almazán, Sagrario  |e author  |9 499760 
245 1 3 |a El arte de acción 
300 |a 96 p 
942 |c BK 
945 |d 20060609 00:00:00  |a jtorresc 
260 |a Madrid  |b Narea  |c 2000 
650 0 |a Filosofía del arte  |9 264951 
650 0 |a Realismo en el arte  |9 268242 
650 0 |a Arte contemporáneo  |9 338008 
650 0 |a Cuerpo humano  |9 257169 
650 0 |a Fotografía  |9 268495 
583 |a last modification  |c 20060609 00:00:00  |k Rodrigo Vera 
490 0 |a Arte Hoy, 7 
999 |c 316883  |d 316881 
952 |0 0  |1 0  |4 0  |6 701_170000000000000_AZN_2000  |7 0  |8 R  |9 392427  |a BIBART  |b BIBART  |d 2019-11-22  |i 4236351  |l 4  |o 701.17 AZN 2000  |p 4236351  |r 2025-03-13  |s 2024-11-13  |w 2019-11-22  |y BK_R  |k ART